000 00360nam a2200145Ia 4500
008 230312s9999||||xx |||||||||||||| ||und||
020 _a8185386277
082 _a612
_bWOR-B
245 0 _aBasic tests for pharmaceutical substance
260 _bA.I.T.B.S publishers
_c2006
300 _a205
546 _aEng.
650 _aPharmacy
_vPharmaceutics
942 _cBK
999 _c3665
_d3665